Normal view
MARC view
- Russell, Stuart J
Entry Personal Name
001 - CONTROL NUMBER
- control field: 84030
003 - CONTROL NUMBER IDENTIFIER
- control field: NUST
005 - DATE AND TIME OF LATEST TRANSACTION
- control field: 20211112164245.0
008 - FIXED-LENGTH DATA ELEMENTS
- fixed length control field: 211112|| aca||aabn | a|a d
040 ## - CATALOGING SOURCE
- Original cataloging agency: NUST
- Transcribing agency: NUST
100 ## - HEADING--PERSONAL NAME
- Personal name: Russell, Stuart J
670 ## - SOURCE DATA FOUND
- Source citation: Work cat.: (NUST): Russell, Stuart J , Artificial Intelligence A Modern Approach, 2020.
